Lawāqiḥ al-anwār. (Record no. 46145)

MARC details
000 -LEADER
fixed length control field 00559cam a22002051 4500
001 - CONTROL NUMBER
control field ne 63001563
003 - CONTROL NUMBER IDENTIFIER
control field DLC
005 - DATE AND TIME OF LATEST TRANSACTION
control field 20260227111748.0
008 - FIXED-LENGTH DATA ELEMENTS--GENERAL INFORMATION
fixed length control field 890514s1961 xx 000 0 ara
010 ## - LIBRARY OF CONGRESS CONTROL NUMBER
LC control number ne 63001563
035 ## - SYSTEM CONTROL NUMBER
System control number (OCoLC)23502535
040 ## - CATALOGING SOURCE
Original cataloging agency DLC
Transcribing agency MiU
Modifying agency DLC
050 00 - LIBRARY OF CONGRESS CALL NUMBER
Classification number BP174
Item number .S4 1961
100 1# - MAIN ENTRY--PERSONAL NAME
Personal name Shaʻrānī, ʻAbd al-Wahhāb ibn Aḥmad,
Dates associated with a name approximately 1493-1565 or 1566.
245 10 - TITLE STATEMENT
Title Lawāqiḥ al-anwār.
260 ## - PUBLICATION, DISTRIBUTION, ETC.
Date of publication, distribution, etc. [1961]
300 ## - PHYSICAL DESCRIPTION
Extent 922 p.
Dimensions 24 cm.
500 ## - GENERAL NOTE
General note Romanised.
650 #0 - SUBJECT ADDED ENTRY--TOPICAL TERM
Topical term or geographic name entry element Islam
General subdivision Customs and practices.

No items available.

Powered by Koha